00229nam a2200097Ia 4500008004100000100002100041245003800062260000900100942000700109999001500116190216s9999||||xx |||||||||||||| ||und|| aSamuel Glasstone 2aA Text Book Of Physical Chemistry bNull cBK c2530d2530